|
|
|
|
| LEADER |
00000caa a22000002c 4500 |
| 001 |
1912550431 |
| 003 |
DE-627 |
| 005 |
20250111055103.0 |
| 007 |
cr uuu---uuuuu |
| 008 |
241217s2023 xx |||||o 00| ||eng c |
| 024 |
7 |
|
|a 10.3390/land12030586
|2 doi
|
| 035 |
|
|
|a (DE-627)1912550431
|
| 035 |
|
|
|a (DE-599)KXP1912550431
|
| 040 |
|
|
|a DE-627
|b ger
|c DE-627
|e rda
|
| 041 |
|
|
|a eng
|
| 084 |
|
|
|a 2,1
|2 ssgn
|
| 100 |
1 |
|
|a Kim, Jinhyoung
|e VerfasserIn
|0 (DE-588)1257928449
|0 (DE-627)1803954647
|4 aut
|
| 109 |
|
|
|a Kim, Jinhyoung
|a Jinhyoung, Kim
|a Jinhyoung Kim
|
| 245 |
1 |
0 |
|a An explicit spatial approach to the value of local social amenities in metro and non-metro counties in the U.S.: Implications for comparative wealth measurement
|
| 264 |
|
1 |
|c 2023
|
| 336 |
|
|
|a Text
|b txt
|2 rdacontent
|
| 337 |
|
|
|a Computermedien
|b c
|2 rdamedia
|
| 338 |
|
|
|a Online-Ressource
|b cr
|2 rdacarrier
|
| 700 |
1 |
|
|a Soon, Byung Min
|e VerfasserIn
|0 (DE-588)1194008615
|0 (DE-627)1675724709
|4 aut
|
| 700 |
1 |
|
|a Johnson, Thomas G.
|e VerfasserIn
|0 (DE-588)170377830
|0 (DE-627)060459395
|0 (DE-576)131270540
|4 aut
|
| 773 |
0 |
8 |
|i Enthalten in
|t Land
|d Basel : MDPI, 2012
|g 12(2023)
|h Online-Ressource
|w (DE-627)72649500X
|w (DE-600)2682955-1
|w (DE-576)371650291
|x 2073-445X
|7 nnas
|
| 773 |
1 |
8 |
|g volume:12
|g year:2023
|
| 856 |
|
|
|u https://www.mdpi.com/2073-445X/12/3/586/pdf?version=1678864543
|x unpaywall
|z Vermutlich kostenfreier Zugang
|h publisher [deprecated]
|
| 856 |
4 |
0 |
|u https://doi.org/10.3390/land12030586
|x Resolving-System
|z kostenfrei
|3 Volltext
|7 0
|
| 935 |
|
|
|a mkri
|
| 951 |
|
|
|a AR
|
| ELC |
|
|
|a 1
|
| LOK |
|
|
|0 000 xxxxxcx a22 zn 4500
|
| LOK |
|
|
|0 001 4637515939
|
| LOK |
|
|
|0 003 DE-627
|
| LOK |
|
|
|0 004 1912550431
|
| LOK |
|
|
|0 005 20241217044445
|
| LOK |
|
|
|0 008 241217||||||||||||||||ger|||||||
|
| LOK |
|
|
|0 035
|a (DE-2619)ICPSR167447
|
| LOK |
|
|
|0 040
|a DE-2619
|c DE-627
|d DE-2619
|
| LOK |
|
|
|0 092
|o n
|
| LOK |
|
|
|0 852
|a DE-2619
|
| LOK |
|
|
|0 852 1
|9 00
|
| LOK |
|
|
|0 935
|a nacp
|
| LOK |
|
|
|0 939
|a 17-12-24
|b l01
|
| OAS |
|
|
|a 1
|
| ORI |
|
|
|a SA-MARC-krimdoka001.raw
|